Music Quiz

Random Music or Song Quiz

Beatles Lyrics Fill in the Blanks Quiz Stats

 Plays Quiz not verified by Sporcle

Challenge
Share
Tweet
Embed
Score 0/20 Timer 05:00
0 Plays Today
Lyric Hint Missing Lyric % Correct
????
100%
????
93.5%
????
85.5%
????
76.6%
????
63.6%
????
62.6%
????
57%
????
56.1%
????
49.5%
????
46.7%
Lyric Hint Missing Lyric % Correct
????
40.2%
????
39.7%
????
38.3%
????
36.9%
????
36%
????
35.5%
????
35%
????
35%
????
32.7%
????
31.8%

You're not logged in!

Compare scores with friends on all Sporcle quizzes.
Join for Free
OR
Log In

You Might Also Like...

Show Comments

Extras

Created Jun 30, 2011ReportFavoriteNominate
Tags:Song Quiz, blank

Top Quizzes Today


Score Distribution

Your Account Isn't Verified!

In order to create a playlist on Sporcle, you need to verify the email address you used during registration. Go to your Sporcle Settings to finish the process.

Report this User

Report this user for behavior that violates our Community Guidelines.

Details: